| 000 | 00797nam a2200241 a 4500 | ||
|---|---|---|---|
| 003 | DO-SdBNP | ||
| 005 | 20220207092012.0 | ||
| 007 | ta | ||
| 008 | 220131e2019 dr ao||gr|||| 001 e spa d | ||
| 020 | _a9789945614671 | ||
| 040 |
_aDO-SdBNP _bspa _cBNPHU |
||
| 082 | 4 |
_222 _bC117H |
|
| 245 | 1 | 0 |
_aJosé Hazim Azar en el corazón de todos / _cEnrique Alberto Cabrera Vásquez |
| 260 |
_aSanto Domingo : _bSantuario, _c2019 |
||
| 300 |
_a160 p. : _bil., fotogr., mapa, retr. ; _c23 cm |
||
| 500 | _aIncluye datos biográficos del autor en la solapa de la portada. | ||
| 504 | _aBibliografía: p. 159 | ||
| 590 | _aInventariado 2022 / MF | ||
| 600 | 4 |
_975243 _aHazim Azar, Don José A. _d1913-1999 _vBiografías |
|
| 630 | 4 |
_951825 _aBiografías dominicanas |
|
| 910 | _aMFeliz | ||
| 942 |
_2ddc _cLBS1 |
||
| 999 |
_c51276 _d51276 |
||